| 000 | 00392cam a2200169ua 4500 | ||
|---|---|---|---|
| 020 | _c2.60 | ||
| 041 |
_aeng _h |
||
| 082 |
_a823.308 _bBRO/JA |
||
| 100 | _aBronte, Charlotte . | ||
| 245 |
_aJane Eyre / _cCharlote Bronte. _hTextual Documents |
||
| 260 |
_aNew Delhi : _bLongman , _c1966. |
||
| 300 | _a159 ; . | ||
| 365 | _a2.60 | ||
| 504 | _a | ||
| 942 | _cBK | ||
| 999 |
_c1163 _d1163 |
||